O Mundo a caminho de uma ordem multipolar democrática (Registo nº 68)

Detalhes MARC
000 -Etiqueta do registo
Cabeçalho 00685nam0a22002651 4500
005 - Identificador da versão
Campo de controlo 20240813121753.0
010 ## - Número internacional normalizado dos livros (ISBN)
Número (ISBN) 9729908206
021 ## - Número do Depósito Legal
Código do país PT
Número 197725/03
035 ## - Other System Control Numbers
System Control Number 0000071
System Control Number 0000071
System Control Number 0000071
System Control Number 0000071
100 ## - Dados gerais de processamento
Dados gerais de processamento 20041103d a e0pory5003 ba
102 ## - Pais de publicação ou produção
País de publicação Portugal
101 0# - Língua de publicação
Língua do texto, banda sonora, etc. Português
Língua do documento no original Português
106 ## - Campo de dados codificados: material textual
Dados codificados do material textual r
105 ## - Campo de dados codificados: livros
Dados codificados dos livros y z 001yy
215 ## - Descrição física 
Indicação específica da natureza do documento e extensão da espécie p.253
Dimensões cm
200 1# - Titulo e menção de responsabilidade
Título próprio O Mundo a caminho de uma ordem multipolar democrática
Informação de outro título Contributos de cultura histórico-estratégica
210 ## - Publicação, Distribuição, etc. 
Lugar da edição, distribuição, etc. Loulé
Nome do editor, distribuidor, etc. Instituto Universitário D. Afonso III
Data da publicação, distribuição, etc. 2003
966 ## - Identificação da Biblioteca
Sigla Fliedl
942 ## - Elementos de entrada adicionados (Koha)
Tipo de item no Koha Livro
Exemplares
Situação do levantamento Origin of item (home branch) (coded) Biblioteca de empréstimo Código de barras Cota Circulation type (not for loan) Tipo de documento Nota do exemplar Damaged status
  Biblioteca Escolar Eng. Nuno Mergulhão Biblioteca Escolar Eng. Nuno Mergulhão BENM1034 321   Livro Sem mensagem